00888nam a2200229 a 4500001001000000003000400010005001700014008004100031020001500072040002500087082001600112100002900128240003800157245017000195260005100365300002800416500003800444500007100482650002700553650004900580700002900629000023522OSt20250701132841.0101210s1994 ag r 000 0 spa d a9500709384 aDO-SdBNPbspacBNPHU a338.9bK65e1 aKlitgaard G. A. , Robert10aAdjusting to reality /lEspañol10aAjustándonos a la realidad :bpolíticas creativas para un "mercado versus estado" en beneficio de todos /cRobert Klitgaard ; traducción de Martha Uriona G. A. aBuenos Aires :bEditorial Sudamericana,c1994. a313 p. :bil. ;c23 cm. aIncluye notas al pie de páginas aIncluye datos biográficos del autor en la solapa de la portada.  0aDesarrollo económico 4aPaises en desarrolloxPolítica económica1 aUriona G. A, Marthaetr.